| 000 | 01151nam a2200229Ia 4500 | ||
|---|---|---|---|
| 999 |
_c55749 _d55749 |
||
| 001 | 22844 | ||
| 003 | GE_BSU | ||
| 005 | 20230525155404.0 | ||
| 008 | 181216s ||||ge |||||||||||||| ||geo|| | ||
| 020 | _a978-9941-9115-1-4 | ||
| 040 | _cGE_BSU | ||
| 041 | _ageo | ||
| 080 | _a821.112.2(436).-1 მ-46 | ||
| 245 |
_aმე-20 საუკუნის ავსტრიული ლირიკა = Osterreichische Lyrik des 20. Jahrhunderts : _bმასალები ტ. 12 ინგებორგ ბახმანი / _cიდეის ავტ. და ხელმძღვ. დათო ბარბაქაძე ; მთარგმნ. : ბესიკ ადეიშვილი და სხვა. |
||
| 264 |
_aთბილისი : _bპოლილოგი, _c2010. |
||
| 300 |
_a434 გვ. ; _c 20 სმ. |
||
| 541 | _h7 ლ. | ||
| 653 | _a ინგებორგ ბახმანი | ||
| 653 | _aმე-20 საუკუნის ავსტრიული ლირიკა ტ. 12 | ||
| 653 | _aმეოცე საუკუნის ავსტრიული ლირიკა | ||
| 942 |
_cBK _2udc |
||